<?xml version="1.0" encoding="UTF-8"?>
<record
    xmlns:xsi="http://www.w3.org/2001/XMLSchema-instance"
    xsi:schemaLocation="http://www.loc.gov/MARC21/slim http://www.loc.gov/standards/marcxml/schema/MARC21slim.xsd"
    xmlns="http://www.loc.gov/MARC21/slim">

  <leader>01552nam a22001577a 4500</leader>
  <controlfield tag="003">SGT</controlfield>
  <datafield tag="020" ind1=" " ind2=" ">
    <subfield code="a">9780070992566</subfield>
  </datafield>
  <datafield tag="082" ind1=" " ind2=" ">
    <subfield code="a">515.352</subfield>
  </datafield>
  <datafield tag="100" ind1=" " ind2=" ">
    <subfield code="a">EARL A. CODDINGTON </subfield>
  </datafield>
  <datafield tag="245" ind1=" " ind2=" ">
    <subfield code="a">THEORY OF ORDINARY DIFFERENTIAL EQUATIONS </subfield>
  </datafield>
  <datafield tag="260" ind1=" " ind2=" ">
    <subfield code="a">NEW DELHI </subfield>
    <subfield code="b">MC GRAW HILL EDUCATION IPL</subfield>
    <subfield code="c">2015</subfield>
  </datafield>
  <datafield tag="300" ind1=" " ind2=" ">
    <subfield code="a">429</subfield>
  </datafield>
  <datafield tag="650" ind1=" " ind2=" ">
    <subfield code="a">MATHEMATICS  </subfield>
  </datafield>
  <datafield tag="653" ind1=" " ind2=" ">
    <subfield code="a">CHAPTER 1. EXISTENCE AND UNIQUENESS OF SOLUTIONS CHAPTER 2. EXISTENCE AND UNIQUENESS OF SOLUTIONS (CONTINUED)  CHAPTER 3. LINEAR DIFFERENTIAL EQUATIONS CHAPTER 4. LINEAR SYSTEMS WITH ISOLATED SINGULARITIES: SINGULARITIES CHAPTER 5. LINEAR SYSTEMS WITH ISOLATED SINGULARITIES: SINGULARITIES CHAPTER 6. ASYMPTOTIC BEHAVIOR OF LINEAR SYSTEM CONTAINING A LARGE PARAMETER CHAPTER 7. SELF-ADJOINT EIGENVALUE PROBLEM ON A FINITE INTERVAL CHAPTER 8. OSCILLATION AND COMPARISON THEOREMS FOR SECOND-ORDER LINEAR EQUATIONS AND APPLICATION CHAPTER 9. SINGULAR SELF-ADJOINT BOUNDARY-VALUE PROBLEMS FOR SECOND-ORDER EQUATIONS CHAPTER 10. SINGULAR SELF-ADJOINT BOUNDARY-VALUE PROBLEMS FOR NTH-ORDER EQUATIONS CHAPTER 11. ALGEBRAIC PROPERTIES OF LINEAR BOUNDARY-VALUE PROBLEMS ON A FINITE INTERVAL CHAPTER 12. NON-SELF-ADJOINT BOUNDARY-VALUE PROBLEMS CHAPTER 13. ASYMPTOTIC BEHAVIOR OF NONLINEAR SYSTEMS: STABILITY CHAPTER 14. PERTURBATION OF SYSTEMS HAVING A PERIODIC SOLUTION CHAPTER 15. PERTURBATION THEORY OF TWO-DIMENSIONAL REAL AUTONOMOUS SYSTEMS CHAPTER 16. THE POINCARE-BENDIXSON THEORY OF TWO-DIMENSIONAL AUTONOMOUS SYSTEMS CHAPTER 17. DIFFERENTIAL EQUATIONS ON A TORUS REFERENCES INDEX  </subfield>
  </datafield>
  <datafield tag="942" ind1=" " ind2=" ">
    <subfield code="2">ddc</subfield>
    <subfield code="c">FPS</subfield>
  </datafield>
  <datafield tag="952" ind1=" " ind2=" ">
    <subfield code="0">0</subfield>
    <subfield code="1">0</subfield>
    <subfield code="2">ddc</subfield>
    <subfield code="4">0</subfield>
    <subfield code="7">1</subfield>
    <subfield code="8">FS</subfield>
    <subfield code="a">SSSL</subfield>
    <subfield code="b">SSSL</subfield>
    <subfield code="c">REF</subfield>
    <subfield code="d">2016-07-02</subfield>
    <subfield code="e">AHUJA BOOK</subfield>
    <subfield code="g">550.00</subfield>
    <subfield code="i">SGTU</subfield>
    <subfield code="o">515.352</subfield>
    <subfield code="p">PS1480</subfield>
    <subfield code="r">2017-01-07 00:00:00</subfield>
    <subfield code="w">2016-03-03</subfield>
    <subfield code="y">FPS</subfield>
    <subfield code="k">6680</subfield>
  </datafield>
  <datafield tag="999" ind1=" " ind2=" ">
    <subfield code="c">9436</subfield>
    <subfield code="d">9436</subfield>
  </datafield>
</record>
